00447nam a2200121Ia 4500008004100000245008100041245004200122260000900164650001200173856004800185999001900233952007300252171204s9999 xx 000 0 und d aElection 2007: The Shift to Limited Preferential Voting in Papua New Guinea: cNicole Haley, R.J. May, and Ray Anere c2013 xHistory uhttp://down.ebook777.com/063/1922144290.pdf c345549d345549 001040aCLbCLd2017-12-04l0r2017-12-04 00:00:00w2017-12-04yCBE